A kommerciális csere állami kontrolljának megnyilvánulása az agoranomosok piacrendészeti tevékenységében az i. e. V-IV. századi Athénban

Elmentve itt :
Bibliográfiai részletek
Szerző: Jakab Éva
Dokumentumtípus: Cikk
Megjelent: Szegedi Tudományegyetem Állam- és Jogtudományi Kara Szeged 1988
Sorozat:Acta Universitatis Szegediensis : acta juridica et politica 38 No. 1-21
Kulcsszavak:Kereskedelem - Athén - ókor, Athén története - ókor
Tárgyszavak:
Online Access:http://acta.bibl.u-szeged.hu/6640
LEADER 00932nab a2200205 i 4500
001 acta6640
005 20221003153545.0
008 161015s1988 hu o 0|| hun d
022 |a 0324-6523 
040 |a SZTE Egyetemi Kiadványok Repozitórium  |b hun 
041 |a hun 
100 1 |a Jakab Éva 
245 1 2 |a A kommerciális csere állami kontrolljának megnyilvánulása az agoranomosok piacrendészeti tevékenységében az i. e. V-IV. századi Athénban  |h [elektronikus dokumentum] /  |c  Jakab Éva 
260 |a Szegedi Tudományegyetem Állam- és Jogtudományi Kara  |b Szeged  |c 1988 
300 |a 103-112 
490 0 |a Acta Universitatis Szegediensis : acta juridica et politica  |v 38 No. 1-21 
650 4 |a Bölcsészettudományok 
650 4 |a Történettudomány és régészet 
695 |a Kereskedelem - Athén - ókor, Athén története - ókor 
856 4 0 |u http://acta.bibl.u-szeged.hu/6640/1/juridpol_038_103-112.pdf  |z Dokumentum-elérés